000 02146nam a22003017a 4500
003 DO-SdBNP
005 20220316114054.0
007 ta
008 220204b19611977mx a|||f |||| 000 0 spa d
040 _aDO-SdBNP
_bspa
_cBNPHU
082 4 _a370.15
_bK637p
_222
100 1 _aKlausmeier, Herbert J.
_981136
240 1 _aLearning and human abilities: educational psychology
_lEspañol
245 1 0 _aPsicología educativa :
_bhabilidades humanas y aprendizaje /
_cHerbert J. Klausmeier, William Goodwin ; traducción Jesús Villamizar Herrera
260 _aMéxico, D. F. :
_bHarla,
_c1977.
300 _a527 p. :
_bil., grafcs. ;
_c24 cm
500 _aIncluye índice
500 _aIncluye indice de autores.
504 _aBibliografía : p. 492-511.
505 0 _aCapítulo. 1.
_tEl aprendizaje y la enseñanza --
_gCapítulo 2.
_tPrincipios y condiciones del aprendizaje --
_gCapitulo 3.
_tHabilidades humanas --
_gCapitulo 4.
_tObjetivos de la educación y de la enseñanza
_gCapitulo 5.
_tMaterial didáctico y su tecnología
_gCapítulo 6.
_tDesarrollo y variabilidad del niño --
_gCapitulo 7.
_tCaracterísticas de los profesores e interacciones con los estudiantes --
_gCapitulo 8.
_tFunciones del educador y sus relaciones con diferentes grupos --
_gCapitulo 9.
_tMotivación --
_gCapitulo 10.
_tInformación fáctica y conocimiento --
_gCapitulo 11.
_tConceptos y principios --
_gCapitulo 12.
_tSoluciones de problemas y creatividad --
_gCapitulo 13.
_tDestrezas psicomotoras y vocales --
_gCapitulo 14.
_tActitudes y valores --
_gCapitulo 15.
_tIntegración de la personalidad y disciplina --
_gCapitulo 16.
_tRetención y transferencia --
_gCapitulo 17.
_tMedición educativa y psicología --
_gCapitulo 18.
_tEvaluación aprendizaje de los estudiantes y de los programas de enseñanza
_gCapitulo 19.
_tEstadística y diseño de investigación
590 _aInventariado, 2022 / SA
590 _aPerteneció a la biblioteca personal de Barbara Suncar
650 4 _aPsicopedagogía
_981137
700 1 _947622
_aGoodwin, William
700 1 _947622
_aVillamizar Herrera, Jesús,
_etr.
910 _aSaquino/Validado, 2022/MFF
942 _2ddc
_cLBS1
999 _c51338
_d51338